000 01095nam a2200337 a 4500
001 69939
003 BD-RjUL
005 20211209081940.0
008 170415r19771973nyua b 001 0 eng d
020 _a047116433X (pbk)
020 _a0471164348 (v. II)
020 _a2705658343 (Herman)
035 _a(BD-RjUL)70151
040 _aLC
_beng
_cLC
_dBD-RjUL
041 1 _aeng
_hfre
082 0 0 _223
_a530.12
_bCOQ 1977
100 1 _aCohen-Tannoudji, Claude.
_d1933-
_9207148
245 1 0 _aQuantum mechanics /
_cClaude Cohen-Tannoudji, Bernard Diu [and] Franck Laloe.
260 _aNew York :
_bJohn Wiley & Sons,
_cc1977.
300 _a v. :
_bill. ;
_c25 cm.
490 _aA Wiley-Interscience publication.
500 _aTranslation of Mecanique quantique.
504 _aIncludes bibliographies and index.
505 0 _aVol. 2--
650 0 _aQuantum theory.
_9207149
700 1 _aDiu, Bernard. [joint author].
_9207150
700 1 _aLaloe, Franck. [joint author].
_9207151
830 _aA Wiley-Interscience publication.
_9209700
942 _2ddc
_cBK
999 _c69939
_d69939